LDR 00964naa#a2200217#i#450# 001 EN\\bibl\123407 005 20260706025549.1 011 ## _a1994-4683 100 ## _a20230731b2023####ek#y0engy0150####ca 102 ## _aRU 200 1# _aFEATURES OF INTEGRATION OF EDUCATIONAL, SCIENTIFIC AND SPORTS ACTIVITIES OF STUDENTS AT VARIOUS LEVELS OFPROFESSIONAL EDUCATION AT THE UNIVERSITY OF PHYSICAL CULTURE _eJournal article 210 1# _aMoscow _cNational State University of Physical Education, Sports and Health named after P.F. Lesgaft _d2023 215 ## _a5 с. 608 ## _aJournal article _2local 675 ## _aВысшее образование. Высшая школа. Подготовка научных кадров. 378 _z 700 #1 _aPetrov _gSergey Ivanovich 700 #1 _aMedvedeva _gElena Nikolaevna 700 #1 _aTerehina _gRaisa Nikolaevna 700 #1 _aZakrevskaya _gNatal'ya Grigor'evna 700 #1 _aSuprun _gAleksandra Aleksandrovna 856 4# _auchzapiski.lesgaft.spb.ru _u